| 000 | 00625nam a22002057a 4500 | ||
|---|---|---|---|
| 999 |
_c17676 _d17676 |
||
| 003 | AR-CdUCM | ||
| 008 | 190509b ||||| |||| 00| 0 spa d | ||
| 040 |
_aMUNICIPALIDAD PROVINCIAL DEL CUSCO _cBIBLIOTECA MUNICIPAL DEL CUSCO |
||
| 082 |
_a920 / _bL21 |
||
| 100 |
_aLamar Schweyer, Alberto _937815 |
||
| 245 | _aMemorias de doña Eulalia de Borbón ex infanta de España / | ||
| 260 |
_aSantiago : _bErcilla, _c1953. |
||
| 300 |
_a251 paginas ; _c20 cm. |
||
| 500 | _aGrandes obras | ||
| 650 |
_aObra _91250 |
||
| 650 |
_aHistoria _9136 |
||
| 650 |
_aLiteratura _983 |
||
| 942 |
_2ddc _cLIBROS |
||
| 945 |
_apjha _d2019-05-09 |
||